MARC details
| 000 -LEADER |
| fixed length control field |
01508 a2200349 4500 |
| 001 - CONTROL NUMBER |
| control field |
200421227 |
| 003 - CONTROL NUMBER IDENTIFIER |
| control field |
TR-AnTOB |
| 005 - DATE AND TIME OF LATEST TRANSACTION |
| control field |
20240923134245.0 |
| 008 - FIXED-LENGTH DATA ELEMENTS--GENERAL INFORMATION |
| fixed length control field |
150203s tu 000 0 |
| 020 ## - INTERNATIONAL STANDARD BOOK NUMBER |
| International Standard Book Number |
9786051496856 |
| 040 ## - CATALOGING SOURCE |
| Original cataloging agency |
TR-AnTOB |
| Language of cataloging |
tur |
| Description conventions |
rda |
| Transcribing agency |
TR-AnTOB |
| 041 0# - LANGUAGE CODE |
| Language code of text/sound track or separate title |
Türkçe |
| 050 00 - LIBRARY OF CONGRESS CALL NUMBER |
| Classification number |
HV5840.T9 |
| Item number |
T87 2014 |
| 090 ## - LOCALLY ASSIGNED LC-TYPE CALL NUMBER (OCLC); LOCAL CALL NUMBER (RLIN) |
| Classification number (OCLC) (R) ; Classification number, CALL (RLIN) (NR) |
HV5840 .T9 T87 2014 |
| 245 10 - TITLE STATEMENT |
| Title |
Türkiye uyuşturucu raporu 2014 : |
| Remainder of title |
EMCDDA 2014 Ulusal raporu (2013 verileri), Reitox ulusal temas noktası : |
| -- |
Türkiye; yeni gelişmeler, trendler, seçilmiş konular / |
| Statement of responsibility, etc. |
haz. T.C. İçişler Bakanlığı Emniyet Genel Müdürlüğü Kaçakçılık ve Organize Suçlarla Mücadele Daire Başkanlığı Türkiye Uyuşturucu ve Uyuşturucu Bağımlılığı İzleme Merkezi (TUBİM). |
| 264 ## - PRODUCTION, PUBLICATION, DISTRIBUTION, MANUFACTURE, AND COPYRIGHT NOTICE |
| Place of production, publication, distribution, manufacture |
Ankara: |
| Name of producer, publisher, distributor, manufacturer |
(TUBİM), |
| Date of production, publication, distribution, manufacture, or copyright notice |
2014 |
| 300 ## - PHYSICAL DESCRIPTION |
| Extent |
118 page: |
| Other physical details |
tab. ; |
| Dimensions |
24 cm. |
| 336 ## - CONTENT TYPE |
| Content type term |
text |
| Source |
rdacontent |
| Content type code |
txt |
| 337 ## - MEDIA TYPE |
| Media type term |
unmediated |
| Source |
rdamedia |
| Media type code |
n |
| 338 ## - CARRIER TYPE |
| Carrier type term |
volume |
| Source |
rdacarrier |
| Carrier type code |
nc |
| 490 0# - SERIES STATEMENT |
| Series statement |
Bakanlık Genel Yayın No. |
| -- |
762. |
| -- |
EGM Yay. |
| -- |
Katalog No. |
| -- |
639. |
| 650 07 - SUBJECT ADDED ENTRY--TOPICAL TERM |
| Topical term or geographic name entry element |
İlaç bağımlılığı |
| Geographic subdivision |
Türkiye |
| Source of heading or term |
etuturkob |
| 9 (RLIN) |
103925 |
|
| Topical term or geographic name entry element |
Narcotics |
| General subdivision |
Psychological aspects |
| 9 (RLIN) |
83321 |
|
| Topical term or geographic name entry element |
Drug control |
| Geographic subdivision |
Turkey |
| 9 (RLIN) |
83323 |
|
| Topical term or geographic name entry element |
Drug addiction |
| Geographic subdivision |
Turkey |
| 9 (RLIN) |
83325 |
|
| Topical term or geographic name entry element |
Opium abuse |
| Geographic subdivision |
Turkey |
| 9 (RLIN) |
98938 |
|
| Topical term or geographic name entry element |
İlaç bağımlılığı |
| Geographic subdivision |
Türkiye |
| Source of heading or term |
etuturkob |
| 9 (RLIN) |
103925 |
|
| Topical term or geographic name entry element |
Uyuşturucular |
| General subdivision |
Psikolojik yönleri |
| Source of heading or term |
etuturkob |
| 9 (RLIN) |
83320 |
|
| Topical term or geographic name entry element |
İlaç kontrolü |
| Source of heading or term |
etuturkob |
| 9 (RLIN) |
83353 |
| 942 ## - ADDED ENTRY ELEMENTS (KOHA) |
| Koha item type |
Book |
| Source of classification or shelving scheme |
Library of Congress Classification |